Kicking the habit.

Chybné metódy riadenia treba prekonávať. Demingov návod na zmenu postojov. Paralely s prekonávaním zlých návykov u alkoholikov a narkomanov.

Enregistré dans:
Détails bibliographiques
Auteur principal: Carder, B.
Format: Chapitre de livre
Langue:anglais
Sujets:
Tags: Ajouter un tag
Pas de tags, Soyez le premier à ajouter un tag!

MARC

LEADER 00000naa a2200000 4500
001 r003851
005 20221213084418.8
041 0 |a eng 
044 |a US 
245 1 0 |a Kicking the habit.  |c B. Carder 
520 |a Chybné metódy riadenia treba prekonávať. Demingov návod na zmenu postojov. Paralely s prekonávaním zlých návykov u alkoholikov a narkomanov. 
610 2 0 |a metódy riadenia 
610 2 0 |a postoje 
610 2 0 |a riadenie 
100 1 |a Carder, B.